Musiques Ethiopiennes

Saved in:
Bibliographic Details
Other Authors: Harrison, Ralph., Johnson, Ragnar.
Format: Audio
Language:Amharic
Published: [France] : Ocora, [1975?]
Subjects:
Tags: Add Tag
No Tags, Be the first to tag this record!
LEADER 01182njm a2200277I 4500
001 008317442-7
005 20020904155726.0
008 790319p19751971fr fmn gk amh
010 |a  76760023  
028 0 0 |a OCR 75  |b Ocora 
035 0 |a ocm04752571 
040 |a DLC  |c IVC  |d HMU 
041 1 |d eth  |e freeng 
050 |a M1838.E8 
245 0 0 |a Musiques Ethiopiennes  |h [sound recording] /  |c enregistrements réalisés par Ralph Harrison [e] Ragnar Johnson. 
260 |a [France] :  |b Ocora,  |c [1975?] 
300 |a 1 sound disc :  |b analog, 33 1/3 rpm, stereo. ;  |c 12 in. 
500 |a Durations on labels; program notes, in French and English ([8] p. ill.) bound in container. 
511 0 |a Various performers. 
518 |a Recorded at various locations in Ethiopia, July and Aug., 1971. 
505 0 |a Chant de louange sur la beaute des femmes -- Musique de tej beit -- Hymne avec Bagana -- Chant d'amour -- Chant avec tambours -- Chant de Travail Dorze -- Harpe nuer -- Sanza toum -- Flute afar -- Jinele: chant afar de divination -- Danse fila avec flute. 
650 0 |a Music  |z Ethiopia. 
700 1 |a Harrison, Ralph. 
700 1 |a Johnson, Ragnar. 
988 |a 20020608 
906 |0 DLC